Ville française par aéroport - Statistiques

Statistiques générales
  • Ce quiz a été pris 224 fois
  • Le résultat moyen est 22 sur 43
Statistiques - réponses
Aéroport Ville française % Correct
Charles-de-Gaulle Paris
99%
Saint-Exupéry Lyon
93%
Mérignac Bordeaux
91%
Orly Paris
91%
Côte-d'Azur Nice
89%
Blagnac Toulouse
88%
Atlantique Nantes
85%
Bretagne Brest
83%
Provence Marseille
79%
Le Bourget Paris
78%
La Réunion Rolland Garros Saint-Denis
77%
Napoléon Bonaparte Ajaccio
75%
Pays-Basque Biarritz
72%
Auvergne Clermont-Ferrand
66%
Méditerranée Montpellier
64%
Entzheim Strasbourg
64%
Lorraine Metz, Nancy
62%
Alpes Isère Grenoble
59%
Hyères Toulon
59%
Pyrénées Pau
58%
Lesquin Lille
57%
Lourdes Pyrénées Tarbes
51%
Euroairport Mulhouse (Bâle, Fribourg)
48%
Ile de Ré La Rochelle
46%
Aimé Césaire Fort-de-France
43%
Cap d'Agde Béziers
42%
Guadeloupe Pôle Caraïbes Pointe-à-Pitre
41%
Rivesaltes Perpignan
38%
Vatry Paris (Châlons)
37%
Tillé Paris (Beauvais)
29%
Saint-Jacques Rennes
28%
Faaa Papeete
27%
Carpiquet Caen
26%
Félix Eboué Cayenne
26%
Dinard Pleurtuit Saint-Malo
26%
Normandie Deauville
24%
Biard Poitiers
19%
Sainte-Catherine Calvi
16%
Garons Nîmes
16%
La Tontouta Nouméa
14%
Bellegarde Limoges
13%
Salvaza Carcassonne
9%
Roumanière Bergerac
6%
Aucun quiz correspondant
Distribution des résultats
% des personnes avec chaque résultat
Percentile par nombre de réponses
Votre historique - résultats
Vous n’avez pas pris ce quiz